LEADER 01260nas 2200409 n 450 001 996258848503316 005 20200330021611.0 011 $a1751-763X 035 $a(OCoLC)518244872 035 $a(CKB)954925421109 035 $a(EXLCZ)99954925421109 100 $a20751110c1949uuuu uy a 101 0 $aeng 135 $aurbn#---auaua 181 $ctxt$2rdacontent 182 $cc$2rdamedia 183 $acr$2rdacontent 200 10$aMagazine of concrete research 210 $a[London]$cThomas Telford Services 215 $a1 online resource 300 $aRefereed/Peer-reviewed 311 $aPrint version: Magazine of concrete research (DLC) 56033878 (OCoLC)1820962$ 0024-9831 606 $aConcrete construction$vPeriodicals 606 $aConcrete$vBibliography$vPeriodicals 606 $aConstruction en be?ton$vPe?riodiques 606 $aBe?ton$vBibliographie$vPe?riodiques 615 0$aConcrete construction 615 0$aConcrete 615 6$aConstruction en be?ton 615 6$aBe?ton 676 $a693.505* 712 02$aCement and Concrete Association. 712 02$aThomas Telford (Firm) 906 $aJOURNAL 912 $a996258848503316 996 $aMagazine of concrete research$9791855 997 $aUNISA LEADER 02480oas 22008653a 450 001 9910340289603321 005 20251106213014.0 011 $a1550-4212 035 $a(OCoLC)55206045 035 $a(CONSER) 2004214482 035 $a(CKB)111088195284934 035 $a(EXLCZ)99111088195284934 100 $a20040518a20049999 sy a 101 0 $aeng 135 $aurcnu|||||||| 181 $ctxt$2rdacontent 182 $cc$2rdamedia 183 $acr$2rdacarrier 200 10$aBenefits & compensation digest 210 $aBrookfield, WI $cInternational Foundation of Employee Benefit Plans$d2004- 311 08$a1550-4190 517 3 $aBenefits and compensation digest 606 $aEmployee fringe benefits$zUnited States$vPeriodicals 606 $aOld age pensions$zUnited States$vPeriodicals 606 $aEmployee fringe benefits$vPeriodicals 606 $aSalaries and Fringe Benefits 606 $aAvantages sociaux$zE?tats-Unis$vPe?riodiques 606 $aPensions de vieillesse$zE?tats-Unis$vPe?riodiques 606 $aAvantages sociaux$vPe?riodiques 606 $aEmployee fringe benefits$2fast$3(OCoLC)fst00908971 606 $aOld age pensions$2fast$3(OCoLC)fst01045349 607 $aUnited States$2fast$1https://id.oclc.org/worldcat/entity/E39PBJtxgQXMWqmjMjjwXRHgrq 608 $aPeriodicals.$2fast 615 0$aEmployee fringe benefits 615 0$aOld age pensions 615 0$aEmployee fringe benefits 615 2$aSalaries and Fringe Benefits. 615 6$aAvantages sociaux 615 6$aPensions de vieillesse 615 6$aAvantages sociaux 615 7$aEmployee fringe benefits. 615 7$aOld age pensions. 676 $a331.2/55/0973 712 02$aInternational Foundation of Employee Benefit Plans 801 0$bNSD 801 1$bNSD 801 2$bDLC 801 2$bOCLCQ 801 2$bSERSO 801 2$bLGG 801 2$bOCLCQ 801 2$bOCLCS 801 2$bOCLCQ 801 2$bOCLCF 801 2$bOCLCQ 801 2$bOCLCO 801 2$bVT2 801 2$bOCLCQ 801 2$bZ5A 801 2$bOCLCO 801 2$bOCLCA 801 2$bU3W 801 2$bOCLCO 801 2$bWYU 801 2$bBWN 801 2$bIOY 801 2$bOCLCQ 801 2$bOCLCL 801 2$bOCLCQ 801 2$bOCLCL 801 2$bOCLCQ 906 $aJOURNAL 912 $a9910340289603321 996 $aBenefits & compensation digest$92425658 997 $aUNINA